Επιχείρηση Νέμεσις

Αποθηκεύτηκε σε:
Λεπτομέρειες βιβλιογραφικής εγγραφής
Κύριος συγγραφέας: Derogy, Jacques
Άλλοι συγγραφείς: Αγαμπατιάν, Οχανές-Σαρκίς, 1948- (trlf)
Μορφή: Βιβλίο
Γλώσσα:Greek
English
Δημοσίευση: Αθήνα : Στοχαστής, 1995.
Θέματα:
Ετικέτες: Προσθήκη ετικέτας
Δεν υπάρχουν, Καταχωρήστε ετικέτα πρώτοι!

MARC

LEADER 00000cam a2200000 i 4500
001 1/2822
008 960228s1995 gr | ||| |||| ||gre||
020 |a 9603030511 
035 |l 10015000 
040 |a GR-MyUA  |b gre  |e AACR2 
041 1 |a gre  |h eng 
082 0 |a 322.42095662 
100 1 |a Derogy, Jacques. 
245 1 0 |a Επιχείρηση Νέμεσις /   |c Ζακ Ντεροζύ ; μετάφραση Οχανές-Σαρκίς Αγαμπατιάν ; πρόλογος Ζεράρ Σαλιάν.  
260 |a Αθήνα :   |b Στοχαστής,   |c 1995.  
300 |a 295 σ. :   |b εικ. ;  
500 |a Τίτλος πρωτοτύπου: Operation Nemesis.  
504 |a Περιέχει βιβλιογραφικές παραπομπές.  
650 0 0 |a Armenian massacres, 1915-1923. 
650 0 0 |a Terrorism  |z Armenia. 
650 0 0 |a Assassination  |z Turkey. 
700 1 |a Αγαμπατιάν, Οχανές-Σαρκίς,   |d 1948-  |e trlf 
852 |a INST  |b LESVOS  |e 19960228  |h 322.42095662 DER  |p 005100007115  |q 005100007115  |t BK  |y 0 
909 |a Λ  |b 044544 
922 |a 1ΔΩΡ  |b 199602  |c ΤΚΑ